[Event "Asia zt 3.1 Online"]
[Site "Tornelo INT"]
[Date "2021.06.03"]
[Round "3"]
[White "Ali, Liakot"]
[Black "Ghaem Maghami, Ehsan"]
[Result "0-1"]
[WhiteElo "2253"]
[BlackElo "2547"]
[PlyCount "58"]
[EventDate "2021.06.01"]
[EventType "swiss"]
[EventRounds "9"]
[EventCountry "NET"]
[SourceTitle "CBM 202 Extra"]
[Source "ChessBase"]
[SourceDate "2021.07.31"]
[SourceVersion "1"]
[SourceVersionDate "2021.07.31"]
[SourceQuality "1"]

1. d4 Nf6 2. Nf3 d5 3. c4 e6 4. e3 Be7 5. b3 0-0 6. Bd3 c5 7. 0-0 cxd4 8. exd4 Nc6 9. Bb2 b6 10. Nbd2 Bb7 11. Rc1 Rc8 12. Re1 Bb4 13. Re2 Qe7 14. Nf1 Ba3 15. Bxa3 Qxa3 16. Bb1 Rfd8 17. Rd2 Ne4 18. Re2 Nf6 19. Rd2 h6 20. Ne3 dxc4 21. bxc4 Ne7 22. Ne5 Nc6 23. Nf3 Nb4 24. Ne5 Ne4 25. Bxe4 Bxe4 26. c5 b5 27. Ra1 Nc6 28. Nxc6 Bxc6 29. Rd3 Qa6 0-1